[Event "Oz.com qualifier blitz"]
[Site "Internet ICC"]
[Date "2000.03.05"]
[Round "3"]
[White "Ricardi,P"]
[Black "Gulko,B"]
[Result "1/2-1/2"]
[WhiteElo "2483"]
[BlackElo "2644"]

1.d4 Nf6 2.c4 e6 3.g3 c5 4.Nf3 cxd4 5.Nxd4 Bb4+ 6.Bd2 Qb6 7.Bxb4 Qxb4+ 8.Qd2 Qxc4
9.Bg2 Nc6 10.Nb3 d5 11.O-O O-O 12.Nc3 Bd7 13.Rac1 Qb4 14.e4 d4 15.Nb1 Qb6
16.Na3 Rad8 17.Nc4 Qc7 18.e5 Ng4 19.Qf4 Nh6 20.Nxd4 Nxd4 21.Qxd4 Bc6 22.Qc5 Nf5
23.Bxc6 Nd4 24.Rcd1 Qxc6 25.Qxc6 bxc6 26.f4 c5 27.Kf2 Rb8 28.b3 f6 29.Ke3 Rfd8
30.Rd3 Nc2+ 31.Kd2 Nb4 32.Rd6 Kf7 33.a3 Nc6 34.Kc3 Rxd6 35.Nxd6+ Ke7 36.Nc4 Nd4
37.Rf2 Rxb3+ 38.Kd2 fxe5 39.fxe5 Rb1 40.Kc3 Rc1+ 41.Kd3 Rd1+ 42.Kc3 Re1 43.Rb2 Nc6
44.Rb7+ Kf8 45.Rc7 Nxe5 46.Nxe5 Rxe5 47.Rxa7 Re2 48.Kc4 Rxh2 49.Kxc5 Rg2
50.Kd6 Rxg3 51.Kxe6 Re3+ 52.Kf5 Re7 53.Ra8+ Kf7 54.a4 g6+ 55.Kf4 Rb7 56.a5 Rb4+
57.Kg5 Rb5+ 58.Kf4 h5 59.a6 Ra5 60.Kg3 Ra4 61.Kh3 Kg7 62.Kg3 Kh6 63.Kf3 Kg5
64.a7 Ra3+ 65.Kg2 h4 66.Kh2 Kg4 67.Rg8 Ra2+ 68.Kg1 Rxa7 69.Rxg6+ Kh3 70.Kh1 Ra2
71.Rg8 Ra1+ 72.Rg1 Rxg1+ 73.Kxg1  1/2-1/2

[Event "21st Open A"]
[Site "Bled SLO"]
[Date "2000.03.30"]
[Round "6"]
[White "Bu Xiangzhi"]
[Black "Podlesnik,B"]
[Result "1-0"]
[WhiteElo "2565"]
[BlackElo "2415"]

1.d4 Nf6 2.c4 e6 3.g3 c5 4.d5 exd5 5.cxd5 b5 6.Bg2 d6 7.Nf3 g6 8.O-O Bg7
9.e4 O-O 10.Re1 Nbd7 11.Bf4 Ne8 12.Qc2 a5 13.a4 b4 14.Nbd2 Ba6 15.Rad1 Rc8
16.Bg5 Nef6 17.Bh3 h6 18.Bf4 c4 19.Bxd6 c3 20.Nb3 cxb2 21.Qb1 Rc3 22.Nfd4 Re8
23.Bf4 Bc4 24.Nc6 Qb6 25.Nbxa5 Nxe4 26.Rxe4 Rxe4 27.Qxe4 Bd3 28.Qe8+ Nf8
29.Ne7+ Kh7 30.Qxf7  1-0

[Event "ch-TKM"]
[Site "Ashgabat TKM"]
[Date "2000.05.21"]
[Round "9"]
[White "Grigoryan,K"]
[Black "Annageldyev,O"]
[Result "1/2-1/2"]
[WhiteElo "2362"]
[BlackElo "2455"]

1.d4 Nf6 2.c4 e6 3.g3 c5 4.d5 exd5 5.cxd5 d6 6.Nc3 g6 7.Bg2 Bg7 8.Nf3 O-O
9.O-O Re8 10.Nd2 a6 11.a4 Nbd7 12.a5 b5 13.axb6 Nxb6 14.Nb3 Bf5 15.f3 Nc4
16.e4 Bd7 17.Rf2 Qb6 18.Bf1 Ne5 19.Na5 Bb5 20.Be3 h5 21.h3 Rab8 22.Kh1 Qc7
23.f4 Neg4 24.hxg4 Nxg4 25.Nxb5 axb5 26.Re2 Nxe3 27.Rxe3 Bxb2 28.Nc6 Bxa1
29.Qxa1 Rb6 30.Qf6 Rxc6 31.Bxb5 Rb8 32.Bxc6 Qa5 33.Re2 Qa3 34.Kh2 Qc1 35.Ra2 Qb1
36.Rg2 Qe1 37.Ra2 Qb1 38.Rg2 Qc1 39.Kh3 Qh1+ 40.Rh2 Qf3 41.Bd7 h4 42.Rg2 Rb1
43.Qxh4 Kg7 44.e5 dxe5 45.fxe5 Rh1+ 46.Rh2 Qf1+ 47.Kg4 Qd1+ 48.Kg5 Qc1+ 49.Kg4 Qc4+
50.Kh3  1/2-1/2

[Event "MTO Open"]
[Site "Biel SUI"]
[Date "2000.07.30"]
[Round "6"]
[White "Raetsky,A"]
[Black "Gershon,A"]
[Result "1/2-1/2"]
[WhiteElo "2425"]
[BlackElo "2502"]

1.d4 Nf6 2.c4 e6 3.g3 c5 4.Nf3 cxd4 5.Nxd4 Qb6 6.e3 Nc6 7.Bg2 Bc5 8.Nb3 Bb4+
9.Bd2 a5 10.O-O a4 11.Nd4 O-O 12.Bxb4 Qxb4 13.Qc2 Ne5 14.Na3 d5 15.Rac1 Bd7
16.Qc3 Qxc3 17.bxc3 Rac8 18.cxd5 exd5 19.c4 Nxc4 20.Nxc4 dxc4 21.Bxb7 Rc7
22.Bf3 c3 23.Rc2 Be6 24.Rfc1 Bd5 25.Rxc3 Rxc3 26.Rxc3 Bxa2 27.Ra3 Bd5 28.Rxa4 Bxf3
29.Nxf3 g6 30.Ra7 Ne4 31.Ne5 Nd6 32.Rd7 Re8 33.f4 Re6 34.Kf2 f6 35.Ng4 h5
36.Nh6+ Kf8 37.f5  1/2-1/2

[Event "5th Paks Cup GM"]
[Site "Paks HUN"]
[Date "2000.08.23"]
[Round "5"]
[White "Sulava,N"]
[Black "Csom,I"]
[Result "1-0"]
[WhiteElo "2549"]
[BlackElo "2478"]

1.d4 Nf6 2.c4 e6 3.g3 c5 4.d5 exd5 5.cxd5 d6 6.Nc3 a6 7.a4 g6 8.Bg2 Bg7 9.Nf3 O-O
10.O-O Nbd7 11.Bf4 Ne8 12.Qd2 Rb8 13.Rab1 b6 14.b4 Rb7 15.Rfc1 Qe7 16.h3 Rc7
17.Bg5 Nef6 18.Na2 Re8 19.bxc5 Rxc5 20.Nc3 h6 21.Be3 Rc4 22.Nd4 Qf8 23.Nc6 Nc5
24.Qa2 Rxc3 25.Rxc3 Nxd5 26.Bxd5 Bxc3 27.Bxh6 Bg7 28.Bg5 Bxh3 29.Rxb6 Bg4
30.Qc4 Bxe2 31.Qh4 Nd7 32.Rb7 Ne5 33.Be7 Bf3  1-0

[Event "Chigorin Mem"]
[Site "St Petersburg RUS"]
[Date "2000.11.05"]
[Round "5"]
[White "Donchenko,A"]
[Black "Markarov,A"]
[Result "1/2-1/2"]
[WhiteElo "2457"]
[BlackElo "2308"]

1.d4 Nf6 2.c4 e6 3.g3 c5 4.Nf3 d5 5.cxd5 exd5 6.Bg2 Nc6 7.Nc3 Be7 8.O-O O-O
9.dxc5 Bxc5 10.Bg5 d4 11.Bxf6 Qxf6 12.Ne4 Qe7 13.Nxc5 Qxc5 14.Rc1 Qb6 15.Rc2 Bf5
16.Rd2 Rad8 17.b3 Rfe8 18.Qa1 d3 19.exd3 Bxd3 20.Re1 Bf5 21.Rxd8 Rxd8 22.Qc3 h6
23.Ne5 Nd4 24.Nf3 Nc2 25.Rf1 Nb4 26.a3 Nd3 27.b4 Be4 28.Ne5 Bxg2 29.Kxg2 Nxe5
30.Qxe5 Qc6+ 31.Kg1 Qf3 32.Qa5 Rd3 33.Qxa7 Rxa3 34.Qc5 Rc3 35.Qd4 Rd3 36.Qc5 h5
37.h4 Kh7 38.Re1 Rc3  1/2-1/2

[Event "Chigorin Mem"]
[Site "St Petersburg RUS"]
[Date "2000.11.06"]
[Round "6"]
[White "Kachar,V"]
[Black "Lukin,A"]
[Result "1/2-1/2"]
[WhiteElo "2304"]
[BlackElo "2439"]

1.d4 Nf6 2.c4 e6 3.g3 c5 4.d5 exd5 5.cxd5 b5 6.Bg2 d6 7.Bf4 Nbd7 8.Qd3 Rb8
9.Nf3 Be7 10.O-O O-O 11.Nc3 b4 12.Nd1 Nb6 13.Nd2 Nh5 14.a3 Nxf4 15.gxf4 a5
16.axb4 axb4 17.Ne3 Bd7 18.Be4 h6 19.Kh1 Bf6 20.Rab1 Re8 21.Nec4 Bb5 22.e3 Qc7
23.Rfc1 Ra8 24.Bf3 Ra2 25.Qb3 Nxc4 26.Nxc4 Bxc4 27.Rxc4 Qa5 28.Bd1 Ra1 29.Rcc1 Rxb1
30.Rxb1 Ra8 31.Qd3 Qa6 32.Qxa6 Rxa6 33.Bb3 Kf8  1/2-1/2

[Event "Tch-AUT 2000-01"]
[Site "Gleisdorf AUT"]
[Date "2000.11.17"]
[Round "3"]
[White "Chernin,A"]
[Black "Hertneck,G"]
[Result "0-1"]
[WhiteElo "2583"]
[BlackElo "2568"]

1.d4 Nf6 2.c4 e6 3.g3 c5 4.d5 exd5 5.cxd5 d6 6.Nc3 g6 7.Bg2 Bg7 8.Nf3 O-O
9.O-O Re8 10.h3 Na6 11.Nd2 Nc7 12.a4 b6 13.Re1 Ba6 14.Ra2 Nd7 15.Ndb1 c4
16.Ne4 Nc5 17.Nbc3 Qe7 18.Bg5 f6 19.Bf4 Rad8 20.h4 h6 21.Nxc5 bxc5 22.e4 Rb8
23.Bd2 Qf7 24.h5 g5 25.Bh3 Bc8 26.Bf1 f5 27.Bxc4 f4 28.Qf3 Be5 29.g4 Re7
30.Be2 Ne8 31.Qg2 Nf6 32.Nb5 a6 33.Na3 Rxb2 34.Bc4 Rxa2 35.Bxa2 Nxg4 36.Nc4 Qxh5
37.Qh1 Qxh1+ 38.Kxh1 Nxf2+ 39.Kg2 Nd3 40.Rb1 Rb7 41.Rxb7 Bxb7 42.Bb1 Nb4
43.Nxe5 dxe5 44.Bc3 Nxd5 45.exd5 Bxd5+ 46.Kf2 e4 47.Bc2 Kf7 48.a5 Ke6 49.Ba4 g4  0-1

[Event "Czech Extra League 2000-1"]
[Site "CZE"]
[Date "2000.11.19"]
[Round "2"]
[White "Haba,P"]
[Black "Vokac,M"]
[Result "0-1"]
[WhiteElo "2497"]
[BlackElo "2523"]

1.d4 Nf6 2.c4 e6 3.g3 c5 4.Nf3 a6 5.Bg2 b5 6.dxc5 Bxc5 7.Ne5 Ra7 8.Nd3 Bb6
9.Bf4 Bb7 10.Bxb7 Rxb7 11.c5 Bc7 12.Bxc7 Qxc7 13.O-O h5 14.Nd2 Nc6 15.Rc1 h4
16.e4 Rb8 17.Re1 e5 18.Nf3 hxg3 19.hxg3 Kf8 20.Qd2 Rh5 21.Nb4 Nxb4 22.Qxb4 g6
23.Rcd1 a5 24.Qd2 Qxc5 25.Qxa5 Kg7 26.Qc3 Qxc3 27.bxc3 Ra8 28.Rb1 Rxa2 29.Rxb5 d5
30.exd5 Rf5 31.Nh4 Rfxf2 32.Rxe5 Rfc2 33.Rb1 Rxc3 34.Rg5 Kh6  0-1

[Event "3rd Hilton Open"]
[Site "Basle SUI"]
[Date "2001.01.04"]
[Round "4"]
[White "Cvitan,O"]
[Black "Hobuss,U"]
[Result "1/2-1/2"]
[WhiteElo "2542"]
[BlackElo "2402"]

1.d4 Nf6 2.c4 e6 3.g3 c5 4.d5 exd5 5.cxd5 d6 6.Bg2 g6 7.Nf3 Bg7 8.a4 O-O
9.Nfd2 Nbd7 10.O-O Re8 11.Na3 Ne5 12.Ndc4 Nfg4 13.Bd2 Nxc4 14.Nxc4 Ne5 15.Na3 b6
16.Bc3 a6 17.Qd2 f5 18.Rfe1 Ra7 19.f4 Ng4 20.e4 fxe4 21.Bxe4 Rae7 22.Bf3 Ne3
23.Bxg7 Kxg7 24.Qc3+ Kg8 25.Re2 Bg4 26.Bxg4 Nxg4 27.Rxe7 Qxe7 28.Qd2 Qe2
29.Qxe2 Rxe2 30.Nc4 Nxh2 31.Ra3 Ng4 32.Rb3 Rc2 33.Nxd6 Nf6 34.Rxb6 Nxd5 35.Rxa6 Rxb2
36.a5 Ra2 37.Ra8+ Kg7 38.Ra7+ Kf6 39.a6 Nb4 40.g4 Ke6 41.Ne4 Ra1+ 42.Kg2 Kd5
43.Nf6+ Kd4 44.Rxh7 Rxa6 45.g5 Rd6 46.Kf3 c4 47.Rh4 Kd3 48.Rh1 c3 49.Ne4 Rc6
50.f5 gxf5 51.Nxc3  1/2-1/2

[Event "Corus B"]
[Site "Wijk aan Zee NED"]
[Date "2001.01.22"]
[Round "6"]
[White "Bosboom,M"]
[Black "Hoeksema,E"]
[Result "1-0"]
[WhiteElo "2439"]
[BlackElo "2382"]

1.d4 Nf6 2.c4 e6 3.g3 c5 4.Nf3 cxd4 5.Nxd4 Bb4+ 6.Bd2 Qb6 7.Bg2 Bc5 8.e3 d5
9.Nb3 dxc4 10.Nxc5 Qxc5 11.Na3 Nc6 12.Rc1 O-O 13.Nxc4 e5 14.Na5 Qe7 15.O-O Nxa5
16.Bxa5 e4 17.Qd4 Re8 18.Rc7 Qe6 19.a3 b6 20.Bc3 Ba6 21.Rd1 Qf5 22.h3 Re6
23.a4 h5 24.a5 Be2 25.Ra1 b5 26.Rc5 Qg6 27.h4 a6 28.Rg5 Qh6 29.Re1 Bc4 30.Bh3 Rc6
31.Bd7 Rd8 32.Bxc6 Rxd4 33.Bxd4 Nh7 34.Rxg7+ Kf8 35.Bb7  1-0

[Event "Corus Reserve Gp"]
[Site "Wijk aan Zee NED"]
[Date "2001.01.22"]
[Round "6"]
[White "De Roda,J"]
[Black "Bellin,R"]
[Result "1-0"]
[WhiteElo "2327"]
[BlackElo "2356"]

1.d4 Nf6 2.c4 e6 3.g3 c5 4.d5 exd5 5.cxd5 b5 6.Bg2 d6 7.b4 Bb7 8.Bb2 cxb4
9.a3 bxa3 10.Nxa3 a6 11.e4 Be7 12.Ne2 O-O 13.O-O Nfd7 14.Nd4 Bf6 15.Ra2 Qb6
16.Kh1 Rc8 17.Nf5 Re8 18.f4 g6 19.e5 dxe5 20.fxe5 Bxe5 21.Nh6+ Kg7 22.Rxf7+ Kh8
23.Ng4 Bxb2 24.Rxb2  1-0

[Event "Czech Extra League 2000-1"]
[Site "CZE"]
[Date "2001.03.17"]
[Round "8"]
[White "Spacek,P"]
[Black "Kalod,R"]
[Result "1/2-1/2"]
[WhiteElo "2390"]
[BlackElo "2490"]

1.d4 Nf6 2.c4 e6 3.g3 c5 4.d5 exd5 5.cxd5 d6 6.Bg2 g6 7.Nc3 Bg7 8.Nf3 O-O
9.O-O Na6 10.Bf4 Nc7 11.a4 b6 12.Re1 Re8 13.e4 Ng4 14.Qd2 Bb7 15.Rab1 Ne5
16.Nxe5 Bxe5 17.Bxe5 dxe5 18.f4 Qd6 19.f5 Kg7 20.Rf1 f6 21.h4 Rf8 22.g4 Rad8
23.Rf2 Rf7 24.Bh3 Rdf8 25.Kh2 Bc8 26.Rg1 Bd7 27.Rfg2 Rg8 28.g5 Kf8 29.gxf6 Qxf6
30.Qh6+ Qg7 31.Qg5 Ne8 32.h5 Qf6 33.hxg6 hxg6 34.Qh6+ Qg7 35.Qxg6 Qxg6 36.Rxg6 Rh8
37.R1g3 Nf6 38.R6g5 Nh5 39.Re3 Nf4 40.Rgg3 Rfh7 41.b3 Bc8 42.Rgf3 Ba6 43.Nb5 Bxb5
44.axb5 Rh4 45.Rg3 R8h7 46.Rgf3 Ke7 47.Rg3 Kd6 48.Rg6+ Kc7 49.Rgg3 R4h6 50.Ref3 Kd6
51.Rc3 a5 52.bxa6 Ra7 53.Rce3 Rxa6 54.Kg1 Ra2 55.Bf1 Rah2 56.Bg2 R2h4 57.Rg8 Rh7
58.Rd8+ Kc7 59.Rg8 Kd6 60.Rd8+ Kc7 61.Rg8 Kd6  1/2-1/2

[Event "Open"]
[Site "Bad Woerishofen GER"]
[Date "2001.03.22"]
[Round "8"]
[White "Heinig,Wo"]
[Black "Khurtsidze,N"]
[Result "0-1"]
[WhiteElo "2302"]
[BlackElo "2459"]

1.d4 Nf6 2.c4 e6 3.g3 c5 4.Nf3 cxd4 5.Nxd4 d5 6.Bg2 e5 7.Nf3 d4 8.O-O Nc6
9.e3 Be7 10.exd4 exd4 11.Bf4 Be6 12.Ne5 Rc8 13.Nd2 Nd7 14.Nxc6 bxc6 15.Ne4 c5
16.Re1 Nb6 17.b3 O-O 18.Qh5 h6 19.Rad1 Nd7 20.Bd6 Bxd6 21.Nxd6 Nf6 22.Qe5 Ng4
23.Nb7 Nxe5 24.Nxd8 Bg4 25.Rxe5 Bxd1 26.Nc6 Rfe8 27.Rxc5 Re1+ 28.Bf1 Rxc6
29.Rxc6 Be2 30.Rc8+ Kh7 31.Re8 d3 32.c5 Rxf1+  0-1

[Event "Astral Open"]
[Site "Bucharest ROM"]
[Date "2001.04.24"]
[Round "4"]
[White "Istratescu,A"]
[Black "Moldovan,D"]
[Result "1/2-1/2"]
[WhiteElo "2561"]
[BlackElo "2434"]

1.d4 Nf6 2.c4 e6 3.g3 c5 4.Nf3 cxd4 5.Nxd4 Qb6 6.Bg2 Bc5 7.e3 Nc6 8.Nc2 d5
9.cxd5 exd5 10.h3 d4 11.exd4 Nxd4 12.O-O O-O 13.Nc3 Bf5 14.Ne3 Be6 15.Na4  1/2-1/2

[Event "Zone 3.2a"]
[Site "Manila PHI"]
[Date "2001.04.30"]
[Round "9"]
[White "Villamayor,B"]
[Black "Nguyen Anh Dung"]
[Result "1/2-1/2"]
[WhiteElo "2560"]
[BlackElo "2557"]

1.d4 Nf6 2.c4 e6 3.g3 c5 4.Nf3 b6 5.Bg2 Bb7 6.O-O cxd4 7.Qxd4 d6 8.Nc3 a6
9.Rd1 Nbd7 10.b3 Qc7 11.e4 Be7 12.Ba3 Nc5 13.e5 dxe5 14.Qxe5 Rc8 15.Qxc7 Rxc7
16.Ne5 Bxg2 17.Kxg2 Ncd7 18.Nxd7 Bxa3 19.Nxf6+ gxf6 20.Rd3 Rd7 21.Rad1 Rxd3
22.Rxd3 Ke7 23.Ne2 f5 24.h3 Bd6 25.Nd4 Rc8 26.g4 fxg4 27.hxg4 Be5 28.Kf3 Bxd4
29.Rxd4 Rc5 30.b4 Rg5 31.Kg3 Re5 32.Rd2 h5 33.gxh5 Rxh5 34.Kg4 Rh1 35.Rd4 Ra1
36.c5 bxc5 37.bxc5 Rxa2 38.Kg3 Ra5 39.c6 Rd5 40.Rc4 Kd8 41.c7+ Kc8 42.Rc6 a5
43.Kf3 a4 44.Ra6 Rd4 45.Ke3 e5 46.Ra7 f5 47.Ke2 Rb4 48.Kd3 Re4 49.Kd2 f4
50.Kd3 Rd4+ 51.Kc3 f3 52.Ra5 Re4 53.Kd3 Re2 54.Rxa4 Rxf2 55.Ke3 Rf1 56.Rc4 e4
57.Kxe4  1/2-1/2

[Event "6th Stuttgart Open"]
[Site "Ditzingen GER"]
[Date "2001.05.24"]
[Round "2"]
[White "Fahnenschmidt,G"]
[Black "Rau,J"]
[Result "1/2-1/2"]
[WhiteElo "2285"]
[BlackElo "2134"]

1.d4 Nf6 2.c4 e6 3.g3 c5 4.Nf3 cxd4 5.Nxd4 Bb4+ 6.Bd2 Bxd2+ 7.Nxd2 Nc6 8.Nb5 d5
9.cxd5 Nxd5 10.e4 Nf6 11.Nc4 O-O 12.Bg2 e5 13.O-O a6 14.Qxd8 Rxd8 15.Nb6 Rb8
16.Nc3 Be6 17.f4 Nd7 18.Nxd7 Rxd7 19.f5 Bc4 20.Rf2 f6 21.b3 Bf7 22.Rc1 Rbd8
23.Na4 Nb4 24.Bf1 Rd4 25.a3 Nd3 26.Bxd3 Rxd3 27.Nc5 Rd1+ 28.Rxd1 Rxd1+ 29.Kg2 b6
30.Nxa6 Bxb3 31.Rb2 Rd3 32.Nb4 Rc3 33.Rd2 Ba4 34.Nd5 Rxa3 35.Nxb6 Bc6 36.Rd8+ Kf7
37.Kf2 Bxe4 38.Rd7+ Ke8 39.Rxg7 Bxf5 40.Nd5 Kf8 41.Rc7 Be4 42.Nc3 Bg6 43.g4 f5
44.gxf5 Bxf5 45.h4 Ra6 46.Ke3 Rd6 47.Rc5 Re6 48.Ne4 Kg7 49.Rc7+ Kh6 50.Ng5 Re8
51.Nf7+ Kh5 52.Nd6 Rf8 53.Nxf5 Rxf5 54.Ke4 Rf4+ 55.Kxe5 Rxh4 56.Rxh7+ Kg4  1/2-1/2

[Event "IV Copa Mercosur"]
[Site "Vicente Lopez ARG"]
[Date "2001.06.29"]
[Round "6"]
[White "Panno,O"]
[Black "Dorin,M"]
[Result "1-0"]
[WhiteElo "2471"]
[BlackElo "2410"]

1.d4 e6 2.c4 Nf6 3.g3 c5 4.d5 exd5 5.cxd5 d6 6.Nc3 g6 7.Bg2 Bg7 8.Nf3 O-O
9.O-O Na6 10.Nd2 Nc7 11.a4 Rb8 12.Nc4 Nfe8 13.Bf4 f5 14.Qd2 Rf7 15.e4 Bxc3
16.bxc3 fxe4 17.Bxe4 Bh3 18.Rfe1 b6 19.f3 Bf5 20.Bxf5 gxf5 21.Re2 Qf6 22.Rae1 Rg7
23.Nxd6 Nxd6 24.Be5 Qd8 25.Bxg7 Kxg7 26.Re7+ Kg6 27.h4 Nf7 28.d6 Ne8 29.Rxe8 Qxe8
30.Rxe8 Rxe8 31.d7 Rd8 32.Qd5 Kf6 33.Kf2 h6 34.Qb7 Ne5 35.Qxa7 Nxd7 36.Qc7 Ke7
37.Qf4 Ke6 38.Qe3+ Kf7 39.Qxh6 Nf6 40.Qf4 Ke6  1-0

[Event "Open"]
[Site "Karvina CZE"]
[Date "2001.07.07"]
[Round "8"]
[White "Haba,P"]
[Black "Berezjuk,S"]
[Result "1/2-1/2"]
[WhiteElo "2461"]
[BlackElo "2379"]

1.d4 Nf6 2.c4 e6 3.g3 c5 4.Nf3 cxd4 5.Nxd4 Qb6 6.Bg2 Bc5 7.e3 Nc6 8.Nf3 O-O
9.O-O Rd8 10.Nc3 Qa6 11.b3 d5 12.cxd5 exd5 13.Bb2 Nb4 14.Na4 Be7 15.Ne5 Bf5
16.g4 Bc2 17.Qd4 Rac8 18.Rac1 b5 19.Bc3 bxa4 20.Bxb4 Bxb4 21.Qxb4 Qe6 22.Nf3 Be4
23.h3 h5 24.Nd4 Qd7 25.Qxa4 Qd6 26.Rc6 Rxc6 27.Qxc6 hxg4 28.Qxd6 Rxd6 29.hxg4 Nxg4
30.f3 Nxe3 31.fxe4 Rg6 32.Kf2 Nxg2 33.Rg1 Nf4 34.Rxg6 fxg6 35.Kf3 g5 36.Nc6 dxe4+
37.Kxe4 a6 38.Nb4 Kf7 39.Nxa6 Ke6 40.Nc5+ Kd6 41.Nd3 Ne6 42.b4 Nc7 43.a4 g4
44.Kf4 Nd5+ 45.Kxg4 Nc3 46.Nc5 Kc6 47.a5 Nd5 48.Nd3 Kb5  1/2-1/2

[Event "XXI Open"]
[Site "Cullera ESP"]
[Date "2001.07.21"]
[Round "3"]
[White "Camarena Gimenez,R"]
[Black "Delchev,A"]
[Result "0-1"]
[WhiteElo "2328"]
[BlackElo "2629"]

1.d4 Nf6 2.c4 e6 3.g3 c5 4.Nf3 cxd4 5.Nxd4 Qc7 6.Nc3 a6 7.Bg2 Qxc4 8.Bf4 Qc5
9.Rc1 Qa5 10.O-O Nc6 11.Nxc6 dxc6 12.Bd6 Qd8 13.Bxf8 Qxd1 14.Rfxd1 Rxf8 15.Na4 Ke7
16.e4 Nd7 17.f4 f6 18.Rd2 a5 19.Kf2 g5 20.Ke3 gxf4+ 21.gxf4 e5 22.f5 b5 23.Nc3 Nb6
24.Bf1 Bd7 25.Rg2 Rg8 26.Rg3 h5 27.Be2 h4 28.Rh3 Rh8 29.Rg1 Rh7 30.Nb1 Be8
31.Nd2 Bf7 32.b3 a4 33.Kd3 axb3 34.axb3 Nc4 35.Nf3 Ra3 36.Kc3 Nd6 37.Bd3 Rxb3+
38.Kc2 Ra3 39.Nxh4 Kd7 40.Rgg3 c5  0-1

[Event "It"]
[Site "Nikolaev UKR"]
[Date "2001.08.11"]
[Round "11"]
[White "Alexikov,A"]
[Black "Areshchenko,A"]
[Result "0-1"]
[WhiteElo "2405"]
[BlackElo "2462"]

1.d4 Nf6 2.c4 e6 3.g3 c5 4.d5 exd5 5.cxd5 b5 6.Bg2 d6 7.a4 b4 8.Nd2 Ba6 9.b3 g6
10.Bb2 Bg7 11.Nh3 O-O 12.O-O Nbd7 13.Nf4 Re8 14.Re1 Ng4 15.Bxg7 Kxg7 16.Rb1 Rc8
17.Ne4 Qe7 18.h3 Ngf6 19.Nxf6 Qxf6 20.Qd2 Qd4 21.Red1 Qxd2 22.Rxd2 Nf6 23.e3 Ne4
24.Bxe4 Rxe4 25.Ng2 c4 26.bxc4 Rexc4 27.f3 Rc1+ 28.Rd1 Rxd1+ 29.Rxd1 b3 30.Rb1 Rc3
31.Rb2 Rc1+ 32.Kh2 Rc2  0-1

[Event "7th Stage Russian Cup"]
[Site "Togliatty RUS"]
[Date "2001.08.14"]
[Round "7"]
[White "Iljushin,A"]
[Black "Nachev,S"]
[Result "1-0"]
[WhiteElo "2529"]
[BlackElo "2401"]

1.c4 Nf6 2.d4 e6 3.g3 c5 4.d5 exd5 5.cxd5 d6 6.Bg2 g6 7.Nc3 Bg7 8.Nf3 O-O
9.O-O Re8 10.Nd2 a6 11.a4 Nbd7 12.h3 Rb8 13.a5 b5 14.axb6 Nxb6 15.Re1 Nfd7
16.Qc2 Ne5 17.b3 f5 18.f4 Nf7 19.Bb2 g5 20.e3 Qe7 21.Nd1 gxf4 22.gxf4 Qh4
23.Nf3 Qg3 24.Bxg7 Qxg7 25.Nc3 Na8 26.Kf2 Nc7 27.Bf1 Kh8 28.Bc4 Qf6 29.Rg1 Bb7
30.Qd2 Rg8 31.Ne2 Rg6 32.Raf1 Rbg8 33.Rxg6 hxg6 34.Qa5 Qe7 35.Qc3+ Kh7 36.h4 Re8
37.h5 Nh6 38.Ng5+ Kg8 39.e4 Ng4+ 40.Kg3 gxh5 41.Rh1 Nf6 42.e5 Nfxd5 43.Rxh5 dxe5
44.Kf2 Qf6 45.Nh7 Qd6 46.Qg3+ Kf7 47.Ng5+ Ke7 48.Rh7+ Kf8 49.Ne4  1-0

[Event "Open"]
[Site "Feffernitz AUT"]
[Date "2001.08.20"]
[Round "3"]
[White "Buerger,T"]
[Black "Farago,I"]
[Result "0-1"]
[WhiteElo "2097"]
[BlackElo "2504"]

1.d4 Nf6 2.c4 e6 3.g3 c5 4.d5 exd5 5.cxd5 d6 6.Nc3 g6 7.Nf3 Bg7 8.Bg2 O-O
9.O-O a6 10.a4 Nbd7 11.Nd2 Rb8 12.Nc4 Ne8 13.Qb3 Qc7 14.Bf4 Ne5 15.Bxe5 dxe5
16.Rfd1 b5 17.axb5 axb5 18.Na5 Nd6 19.Nc6 Rb7 20.Ne4 Nxe4 21.Bxe4 Qd6 22.Ra5 f5
23.Bg2 c4 24.Qb4 Qxb4 25.Nxb4 e4 26.Ra2 Be5 27.f3 exf3 28.Bxf3 Bd6 29.Nc6 Rb6
30.Kf2 g5 31.Ra7 g4 32.Bg2 f4 33.gxf4 Bxf4 34.Ne7+ Kh8 35.Ke1 Rh6 36.Ra8 Rxh2
37.Be4 Be3 38.Rxc8 Rxc8 39.Nxc8 g3 40.Rb1 g2 41.Bxg2 Rxg2 42.Kd1 Rg5 43.d6 b4
44.Kc2 Rd5 45.Rf1 Rd2+ 46.Kb1 c3 47.bxc3 bxc3 48.d7 Bg5 49.Rc1 Rxd7 50.Rxc3 Rd1+
51.Kb2 Re1 52.Rc2 h5 53.Nd6 Bf6+ 54.Kb3 h4 55.e4 Kh7 56.Kc4 Be5 57.Kd5 Bf4
58.Ne8 h3 59.Nf6+ Kg6 60.Ng4 Kg5 61.Ne5 Rf1 62.Rc8 h2 63.Rg8+ Kh5 64.Rh8+ Bh6
65.Rxh6+ Kxh6 66.Ng4+ Kg5 67.Nxh2 Rf2  0-1

[Event "IV Pyramiden-Franken"]
[Site "Fuerth GER"]
[Date "2001.08.21"]
[Round "4"]
[White "Kachiani,K"]
[Black "Naumann,A"]
[Result "0-1"]
[WhiteElo "2453"]
[BlackElo "2480"]

1.d4 Nf6 2.c4 e6 3.g3 c5 4.d5 exd5 5.cxd5 b5 6.Bg2 d6 7.b4 Bb7 8.a4 cxb4
9.axb5 Nbd7 10.Bb2 Qb6 11.Qd3 Be7 12.Nh3 O-O 13.O-O Nc5 14.Qc4 a5 15.bxa6 Bxa6
16.Qd4 Ne8 17.Qd1 Bf6 18.Bxf6 Nxf6 19.Nd2 Rfe8 20.Re1 Rab8 21.Nb3 Rxe2 22.Rxe2 Bxe2
23.Qxe2 Nxb3 24.Rb1 Nc5 25.g4 b3 26.g5 Re8 27.Qd1 Nfd7 28.Nf4 Qb4 29.Ne6 fxe6
30.dxe6 Nxe6 31.Rxb3 Qf4 32.Re3 Ne5 33.h4 Rf8 34.Qc2 Nd4 35.Qa2+ Kh8  0-1

[Event "1st Chess Week"]
[Site "Winterthur SUI"]
[Date "2001.10.12"]
[Round "8"]
[White "Steckner,J"]
[Black "Grooten,H"]
[Result "0-1"]
[WhiteElo "2269"]
[BlackElo "2375"]

1.d4 Nf6 2.c4 e6 3.g3 c5 4.d5 exd5 5.cxd5 d6 6.Nc3 g6 7.Bg2 Bg7 8.Nf3 O-O
9.O-O a6 10.a4 Nbd7 11.e4 Ng4 12.Ng5 Nde5 13.f4 Nc4 14.Qe2 Bd4+ 15.Kh1 Nce3
16.Re1 Re8 17.Bf3 h5 18.h3 Nf5 19.Kg2 Ngh6 20.Bd2 Bg7 21.Qf2 Nd4 22.Bd1 Rb8
23.Rb1 Qd7 24.b4 b5 25.Rh1 Bb7 26.Ne2 f5 27.Nxd4 Bxd4 28.Be3 Bxe3 29.Qxe3 fxe4
30.Nxe4 Nf5 31.Nf6+ Kf7 32.Qc3 Qe6 33.Nxe8 Bxd5+ 34.Kh2 Bxh1 35.Kxh1 Qe4+
36.Kh2 Rxe8 37.Rb2 h4 38.Bf3 hxg3+ 39.Kg2 Qd4 40.Qxd4 Nxd4 41.bxc5 dxc5 42.Bb7 c4
43.Kxg3 c3 44.Rb1 c2 45.Ra1 c1=Q  0-1

[Event "WYB18"]
[Site "Oropesa del Mar ESP"]
[Date "2001.10.30"]
[Round "9"]
[White "Izoria,Z"]
[Black "Jakubowski,K"]
[Result "1-0"]
[WhiteElo "2533"]
[BlackElo "2387"]

1.d4 Nf6 2.c4 e6 3.g3 c5 4.Nf3 cxd4 5.Nxd4 d5 6.Bg2 e5 7.Nf3 d4 8.O-O Nc6
9.e3 Be7 10.exd4 exd4 11.Bf4 O-O 12.Ne5 Qb6 13.Qb3 Qxb3 14.axb3 Nb4 15.Na3 Rd8
16.Rfd1 a6 17.Bd2 Rb8 18.Bxb4 Bxb4 19.Nc2 Bd6 20.Nf3 d3 21.Nce1 Bf5 22.Nh4 Be4
23.Bxe4 Nxe4 24.Nxd3 g6 25.Ng2 Nc5 26.Nxc5 Bxc5 27.Nf4 Kg7 28.Nd5 Rd7 29.Kf1 h5
30.Nc3 Rc7 31.b4 Bf8 32.c5 Re8 33.Rd5 Rb8 34.Na4 Be7 35.Rad1 Bf6 36.Rd8  1-0

[Event "TCh-CZE 2001-2"]
[Site "CZE"]
[Date "2001.11.18"]
[Round "3"]
[White "Haba,P"]
[Black "Hracek,Z"]
[Result "0-1"]
[WhiteElo "2496"]
[BlackElo "2586"]

1.d4 Nf6 2.c4 e6 3.g3 c5 4.Nf3 cxd4 5.Nxd4 Qc7 6.Nd2 b6 7.Bg2 Bb7 8.Bxb7 Qxb7
9.O-O Nc6 10.Nxc6 Qxc6 11.b3 Be7 12.Bb2 O-O 13.Nf3 a6 14.Qd3 Rfd8 15.Rac1 Qb7
16.Rfd1 d5 17.Qb1 dxc4 18.Bxf6 Bxf6 19.Rxc4 b5 20.Rcc1 h6 21.Rxd8+ Rxd8 22.Qc2 a5
23.Qc6 Rd1+ 24.Kg2 Qxc6 25.Rxc6 Ra1 26.Rc2 a4 27.bxa4 bxa4 28.Nd2 g5 29.Nc4 Kg7
30.e3 h5 31.h3 g4 32.hxg4 hxg4 33.Nb6 a3 34.Nc4 Be7 35.Ne5 f5 36.Nc6 Bf6
37.Nd4 Bxd4 38.exd4 Kf6 39.Re2 Kf7 40.Rd2 Ke7 41.Rc2 Kd6 42.Re2 Kd5 43.Re5+ Kxd4
44.Rxe6 Rxa2 45.Ra6 Kc4 46.Ra8 Ra1 47.Rc8+ Kb3 48.Rb8+ Ka2 49.Rb5 Rc1 50.Rxf5 Kb3
51.Rb5+ Ka4  0-1

[Event "Friendship GM"]
[Site "Prerove CZE"]
[Date "2001.12.11"]
[Round "8"]
[White "Jirka,J"]
[Black "Kalod,R"]
[Result "1-0"]
[WhiteElo "2330"]
[BlackElo "2479"]

1.d4 Nf6 2.c4 e6 3.g3 c5 4.d5 exd5 5.cxd5 b5 6.f3 c4 7.a4 Bb7 8.e4 a6 9.Be3 Bb4+
10.Nc3 O-O 11.Ne2 d6 12.Kf2 Nbd7 13.axb5 axb5 14.Rxa8 Qxa8 15.Nxb5 Ne5 16.Nec3 Ba6
17.Nc7 Qb7 18.Nxa6 Qxa6 19.Qa4 Qb7 20.Qa7 Qc8 21.Be2 Qh3 22.Qb6 Bxc3 23.bxc3 h6
24.Bf4 Neg4+ 25.fxg4 Nxe4+ 26.Ke1 Ra8 27.Bd1 Nxc3 28.Qb2 Re8+ 29.Kd2 Qg2+
30.Kxc3 Qxh1 31.Qd2 Re1 32.Bc2 Re8 33.Bxd6 Qa1+ 34.Kb4 Qb2+ 35.Kxc4 Rc8+
36.Bc5 Qa2+ 37.Kd4 Qa4+  1-0

[Event "6th Open"]
[Site "Bad Zwesten GER"]
[Date "2002.01.07"]
[Round "5"]
[White "Ivanov,MM"]
[Black "Sax,G"]
[Result "1/2-1/2"]
[WhiteElo "2446"]
[BlackElo "2584"]

1.d4 Nf6 2.c4 e6 3.g3 c5 4.d5 exd5 5.cxd5 d6 6.Nc3 g6 7.Bg2 Bg7 8.Nf3 O-O
9.O-O Nbd7 10.Bf4 Qe7 11.h3 a6 12.a4 Rb8 13.Qd3 Nh5 14.Bg5 f6 15.Bd2 f5 16.e4 Ne5
17.Nxe5 Qxe5 18.exf5 Bxf5 19.Qe3 Bd7 20.Qxe5 Bxe5  1/2-1/2

[Event "Unilog-Integrata IM"]
[Site "Griesheim GER"]
[Date "2002.01.30"]
[Round "8"]
[White "Jirka,J"]
[Black "Koehler,R"]
[Result "1-0"]
[WhiteElo "2339"]
[BlackElo "2275"]

1.d4 Nf6 2.c4 e6 3.g3 c5 4.d5 exd5 5.cxd5 d6 6.Nc3 g6 7.Bg2 Bg7 8.Nf3 O-O
9.O-O Re8 10.Nd2 a6 11.a4 Nbd7 12.h3 Rb8 13.Nc4 Ne5 14.Na3 Nh5 15.e4 Rf8
16.Kh2 Bd7 17.Qe2 f5 18.f4 fxe4 19.Bxe4 Qe7 20.Bd2 Nf7 21.Rae1 Nf6 22.Bd3 Qd8
23.Rf2 Qc7 24.Qf1 Rbe8 25.Rfe2 Qd8 26.Rxe8 Rxe8 27.Rxe8+ Bxe8 28.Qe2 Bd7
29.b3 Qc8 30.Qf1 Qd8 31.Nc2 Qe7 32.Qe2 Qd8 33.Ne3 Kf8 34.g4 Qe7 35.a5 Ne8
36.Ne4 Nf6 37.Ng3 Kg8 38.Qg2 Bb5 39.Bc2 Nd7 40.Nc4 Bd4 41.Qe4 Qh4 42.g5 Nf8
43.Qg2 Bd7 44.Nb6 Bb5 45.Ne4 Bd7 46.Nxd7 Nxd7 47.Bd1 b5 48.Bg4 Nf8 49.Qe2 Ne5
50.fxe5 Bxe5+ 51.Kg2  1-0